00317 a2200109 4500001001000000005001700010008004100027245004800068100002400116773005000140999001700190ART_3128020260410161840.0260409a 10aLa enseñanza de la contabilidad pública1 aAtchabahian, Adolfo0 tRAPg- Año 36, Nº 422 (nov. 2013)wREV5941 c24017d24017